Modern Catholic thinkers /

Tallennettuna:
Bibliografiset tiedot
Päätekijä: Caponigri, A. Robert (Aloysius Robert), 1915-
Aineistotyyppi: Kirja
Kieli:English
Julkaistu: Lond. : Burns and Oates, 1960.
Aiheet:
LEADER 00758nam a22001931 4500
001 c000359996
003 CARM
005 00000000000000.0
008 851113s1960 enk 0 eng d
019 1 |a 4135594  |5 LACONCORD2021 
035 |a (OCoLC)219202686  |5 LACONCORD2021 
100 1 |a Caponigri, A. Robert  |q (Aloysius Robert),  |d 1915- 
245 1 0 |a Modern Catholic thinkers /  |c an anthology. Ed. with a pref. by A.R.Caponigri. 
260 |a Lond. :  |b Burns and Oates,  |c 1960. 
650 0 |a Catholic literature. 
852 8 |b CARM  |h A1:AM23F0  |i C10167  |p 0433142  |f BK 
082 0 4 |a 808.89 
999 f f |i dae493f9-adc4-5604-bd1c-72682b71faa9  |s e5f6cebd-e1d8-50d0-83a2-1c28164923e1 
952 f f |p Can circulate  |a CAVAL  |b CAVAL  |c CAVAL  |d CARM 1 Store  |e C10167  |f A1:AM23F0  |h Other scheme  |i book  |m 0433142